Central training council: third report to the secretary of state (Record no. 496067)

000 -LEADER
fixed length control field 00390cam a22001097a 4500
008 - FIXED-LENGTH DATA ELEMENTS--GENERAL INFORMATION
fixed length control field 180718b1969 xxu||||| |||| 00| 0 eng d
082 ## - DEWEY DECIMAL CLASSIFICATION NUMBER
Classification number R5x42 Un3t/3
245 ## - TITLE STATEMENT
Title Central training council: third report to the secretary of state
Statement of responsibility, etc. by Her Majesty's Stationery Office
260 ## - PUBLICATION, DISTRIBUTION, ETC.
Place of publication, distribution, etc. London
Name of publisher, distributor, etc. Her Majesty's Stationery Office
Date of publication, distribution, etc. 1969
300 ## - PHYSICAL DESCRIPTION
Extent 44p
700 ## - ADDED ENTRY--PERSONAL NAME
Personal name U.K. Her Majesty's Stationery Office
Holdings
Withdrawn status Lost status Damaged status Not for loan Permanent Location Current Location Date acquired Full call number Barcode Date last seen Price effective from Koha item type
        Indian Institute of Public Administration Indian Institute of Public Administration 2018-08-04 R5x42 Un3t/3 G9993 2018-08-04 2018-08-04 G

Powered by Koha